000 00725nam a2200229 i 4500
001 13661
003 ES-MaACL
005 20250728032125.0
007 t|
008 960709s1996 sp ao |||| | spa j
020 _a84-921535-0-4
080 _a77 Sánchez Vigil, Juan Miguel
080 _a791.862(0:77)
100 1 _aSánchez Vigil, Juan Miguel,
_d1956-
_9226419
245 1 0 _aTauromaquia /
_cJuan Miguel Sánchez Vigil.
260 _aMadrid :
_bJ.M. Sánchez Vigil,
_c1996.
300 _a79 p. :
_bil., fot. ;
_c24 cm.
600 1 7 _aSánchez Vigil, Juan Miguel,
_d1956-
_2embne
_9226419
650 4 _aCorridas de toros-
_vObras ilustradas.
_9163069
852 _aES-MaACL
_jL-21034
999 _c13661
_d13661